The limiting absorption principle for partial differential operators
Αποθηκεύτηκε σε:
| Κύριος συγγραφέας: | |
|---|---|
| Άλλοι συγγραφείς: | |
| Μορφή: | Βιβλίο |
| Γλώσσα: | English |
| Δημοσίευση: |
Providence, R.I., USA :
American Mathematical Society,
c1987
|
| Σειρά: | Memoirs of the American Mathematical Society ;
; 364 |
| Θέματα: | |
| Ετικέτες: |
Προσθήκη ετικέτας
Δεν υπάρχουν, Καταχωρήστε ετικέτα πρώτοι!
|
MARC
| LEADER | 00000cam a2200000 i 4500 | ||
|---|---|---|---|
| 001 | 1/50775 | ||
| 008 | 941103s1987 eng d | ||
| 020 | |a 0821824260 | ||
| 035 | |l 10043966 | ||
| 035 | |a 1994 | ||
| 040 | |a GR-MY-UA |b gre |e aacr | ||
| 041 | 0 | |a eng | |
| 082 | 0 | |a 515.7242 | |
| 100 | 1 | |a Ben-Artzi, Matania |d 1948- | |
| 245 | 1 | 4 | |a The limiting absorption principle for partial differential operators / |c Matania Ben-Artzi and Allen Devinatz |
| 260 | |a Providence, R.I., USA : |b American Mathematical Society, |c c1987 | ||
| 300 | |a iv, 70 p.; |c 26 cm | ||
| 490 | 1 | |a Memoirs of the American Mathematical Society |v ; 364 | |
| 500 | |a "March 1987, volume 66, number 364 (end of volume)." | ||
| 504 | |a Bibliography: p. 69-70 | ||
| 650 | 0 | 0 | |a Partial differential operators. |
| 650 | 0 | 0 | |a Scattering (Mathematics) |
| 700 | 1 | |a Devinatz, Allen. | |
| 830 | 0 | |a Memoirs of the American Mathematical Society ; |v ; 364 | |
| 852 | |a INST |b SAMOS |e 19941103 |h 515.7242 BEN |p 005300009581 |q 005300009581 |t BK |y 0 | ||
| 909 | |a Σ |b 033690 | ||